Literacy and popular culture : England 1750-1914
| Published in: | Cambridge studies in oral and literate culture |
|---|---|
| Main Author: | |
| Content type: | Book |
| Published: |
Cambridge:
Univ. Pr.
1989
|
| Series: | Cambridge studies in oral and literate culture ; 19 |
| Source: | MPIPL_cat |
| _version_ | 1863687004488728577 |
|---|---|
| author | Vincent, David |
| author_facet | Vincent, David |
| author_search | Vincent, David |
| author_sort | Vincent, David |
| author_variant | d v dv |
| callnumber-first | 404.21-Vin/2 |
| callnumber-label | 404 |
| callnumber-raw | 404.21-VIN/2 |
| callnumber-search | 404.21-VIN/2 |
| collection_details | MPIPL |
| container_title | Cambridge studies in oral and literate culture |
| dedup_id_str | MPIPL_cat.PL0052141 |
| dewey-hierarchy | 0/[Unassigned]/ |
| dewey-hierarchy_str | 0/[Unassigned]/ |
| first_indexed | 2026-03-14T00:40:05Z |
| format | 0/Buch/ |
| format_str | 0/Buch/ |
| fullrecord | <?xml version="1.0" encoding="UTF-8"?>
<collection xmlns:xsi="http://www.w3.org/2001/XMLSchema-instance" xsi:schemaLocation="http://www.loc.gov/MARC21/slim http://www.loc.gov/standards/marcxml/schema/MARC21slim.xsd" xmlns="http://www.loc.gov/MARC21/slim">
<record>
<leader>00000cam a2200000 ub4500</leader>
<controlfield tag="001">PL0052141</controlfield>
<controlfield tag="003">PLI01000000000000000051874</controlfield>
<controlfield tag="005">00000000000000.0</controlfield>
<controlfield tag="008"> ||| u </controlfield>
<datafield tag="020" ind1=" " ind2=" ">
<subfield code="a">0-521-33466-7</subfield>
</datafield>
<datafield tag="020" ind1=" " ind2=" ">
<subfield code="a">9780521334662</subfield>
</datafield>
<datafield tag="090" ind1=" " ind2=" ">
<subfield code="a">404.21-Vin/2</subfield>
</datafield>
<datafield tag="100" ind1="1" ind2=" ">
<subfield code="a">Vincent, David</subfield>
</datafield>
<datafield tag="245" ind1="0" ind2="0">
<subfield code="a">Literacy and popular culture</subfield>
<subfield code="b">England 1750-1914</subfield>
<subfield code="c">David Vincent</subfield>
</datafield>
<datafield tag="260" ind1=" " ind2=" ">
<subfield code="a">Cambridge</subfield>
<subfield code="b">Univ. Pr.</subfield>
<subfield code="c">1989</subfield>
</datafield>
<datafield tag="300" ind1=" " ind2=" ">
<subfield code="a">VIII, 362 p.</subfield>
</datafield>
<datafield tag="989" ind1=" " ind2=" ">
<subfield code="a">99-05c</subfield>
</datafield>
<datafield tag="490" ind1="0" ind2=" ">
<subfield code="a">Cambridge studies in oral and literate culture</subfield>
<subfield code="v">19</subfield>
</datafield>
<datafield tag="830" ind1=" " ind2="0">
<subfield code="w">PL0000945</subfield>
</datafield>
<datafield tag="852" ind1=" " ind2=" ">
<subfield code="c">404.21-Vin/2</subfield>
<subfield code="m">BOOK</subfield>
</datafield>
</record>
</collection>
|
| hierarchy_parent_id | MPIPL_cat.PL0000945 |
| hierarchy_parent_title | Cambridge studies in oral and literate culture |
| id | MPIPL_cat.PL0052141 |
| illustrated | Not Illustrated |
| institution | MPIPL_cat |
| institution_str | MPIPL_cat |
| isbn | 9780521334662 0-521-33466-7 |
| language | und |
| language_str | und |
| last_indexed | 2026-04-27T23:41:36Z |
| local_fields | 99-05c |
| online | false |
| online_MPIPL_cat | false |
| online_str | false |
| physical | VIII, 362 p. |
| publishDate | 1989 |
| publishDate_str | 1989 |
| publisher | Univ. Pr |
| record_format | marc |
| series | Cambridge studies in oral and literate culture |
| signature_search | 404.21-Vin/2 |
| spelling | Vincent, David Literacy and popular culture England 1750-1914 David Vincent Cambridge Univ. Pr 1989 VIII, 362 p. Cambridge studies in oral and literate culture 19 PL0000945 |
| spellingShingle | Vincent, David Literacy and popular culture : England 1750-1914 Cambridge studies in oral and literate culture |
| title | Literacy and popular culture : England 1750-1914 |
| title_full | Literacy and popular culture England 1750-1914 David Vincent |
| title_fullStr | Literacy and popular culture England 1750-1914 David Vincent |
| title_full_unstemmed | Literacy and popular culture England 1750-1914 David Vincent |
| title_search | Literacy and popular culture England 1750-1914 Cambridge studies in oral and literate culture |
| title_short | Literacy and popular culture |
| title_sort | literacy and popular culture england 1750 1914 david vincent |
| title_sub | England 1750-1914 |